| 000 | 00830nam a22002417a 4500 | ||
|---|---|---|---|
| 999 |
_c12158 _d12158 |
||
| 003 | AR-CdUCM | ||
| 008 | 190408b ||||| |||| 00| 0 spa d | ||
| 040 |
_aMUNICIPALIDAD PROVINCIAL DEL CUSCO _cBIBLIOTECA MUNICIPAL DEL CUSCO |
||
| 082 |
_aC / 980.5 / _bF38 |
||
| 100 |
_aFerdandez Quiros, Celso _929863 |
||
| 245 | _aPosivilidades de civilizar al indio / | ||
| 260 |
_aCuzco : _bCuzco Imperial, _c1936. |
||
| 300 |
_a39 páginas ; _c21 cm. |
||
| 505 | _aFactores que influyen en as razas -- El medio ambiente -- La propiedad del suelo -- La educación como factor civilizador... | ||
| 650 |
_aIndio. _929864 |
||
| 650 |
_aProblema del indio. _92859 |
||
| 650 |
_aNuevo indio. _929865 |
||
| 650 |
_aRazas. _96935 |
||
| 650 |
_aCusco. _9772 |
||
| 650 |
_aIdentidad. _9255 |
||
| 942 |
_2ddc _cLIBROS |
||
| 945 |
_awfj _d2019-04-08 |
||